Central Library OPAC University of Rajshahi

The case of the curious bride / (Record no. 77052)

MARC details
000 -LEADER
fixed length control field 00937nam a2200301 a 4500
001 - CONTROL NUMBER
control field 77052
003 - CONTROL NUMBER IDENTIFIER
rucl marc code BD-RjUL
005 - DATE AND TIME OF LATEST TRANSACTION
control field 20211209082924.0
008 - FIXED-LENGTH DATA ELEMENTS--GENERAL INFORMATION
fixed length control field 200219r19611960enk 00011 eng d
035 ## - SYSTEM CONTROL NUMBER
System control number (BD-RjUL)77276
System control number 1668000
040 ## - CATALOGING SOURCE
Original cataloging agency ANL
Language of cataloging eng
Modifying agency ANL
Transcribing agency BD-RjUL
041 ## - LANGUAGE CODE
Language code of text/sound track or separate title eng
082 0# - DEWEY DECIMAL CLASSIFICATION NUMBER
Edition number 23
Classification number 813.52
Author mark and year GAC 1961
100 1# - MAIN ENTRY--PERSONAL NAME
Personal name Gardner, Erle Stanley,
Dates associated with a name 1889-1970.
9 (RLIN) 239549
245 14 - TITLE STATEMENT
Title The case of the curious bride /
Statement of responsibility, etc. Erle Stanley Gardner.
260 ## - PUBLICATION, DISTRIBUTION, ETC. (IMPRINT)
Place of publication, distribution, etc. Harmondsworth, Eng. :
Name of publisher, distributor, etc. Penguin Books,
Date of publication, distribution, etc. 1960 [reprinted 1961]
300 ## - PHYSICAL DESCRIPTION
Pagination 208 p. ;
Size 18 cm.
490 1# - SERIES STATEMENT
Series statement Penguin books ;
Volume/sequential designation 1455
500 ## - GENERAL NOTE
General note Originally published: Cassell, 1935.
650 ## - SUBJECT ADDED ENTRY--TOPICAL TERM
Topical term or geographic name as entry element Mason, Perry (Fictitious character)
9 (RLIN) 194004
Topical term or geographic name as entry element Detective and mystery stories
9 (RLIN) 239550
Topical term or geographic name as entry element Private investigators
9 (RLIN) 239551
830 #0 - SERIES ADDED ENTRY--UNIFORM TITLE
Uniform title Penguin books ;
Volume number/sequential designation 1455.
942 ## - ADDED ENTRY ELEMENTS (KOHA)
Source of classification or shelving scheme Dewey Decimal Classification
Koha item type Books
Holdings
Lost status Source of classification or shelving scheme Damaged status Not for loan Collection code Permanent Location Current Location Shelving location Date acquired Total Checkouts Full call number Date last seen Copy number Koha item type
  Dewey Decimal Classification   Not For Loan Fiction Central Library, University of Rajshahi Central Library, University of Rajshahi Reading Room 19/02/2020   813.52 GAC 1961 19/02/2020 C-1 Books